ბათუმის შოთა რუსთაველის სახელმწიფო უნივერსიტეტის ბიბლიოთეკა

Определитель низших растении в пяти томах. Водоросли т.1 (ბიბ.ჩანაწერი № 46418)

000 -LEADER
fixed length control field 00666nam a2200205Ia 4500
001 - CONTROL NUMBER
control field 13254
003 - CONTROL NUMBER IDENTIFIER
control field GE_BSU
008 - FIXED-LENGTH DATA ELEMENTS--GENERAL INFORMATION
fixed length control field 181216s||||||||xx |||||||||||||| ||und||
040 ## - CATALOGING SOURCE
Transcribing agency GE_BSU
080 ## - UNIVERSAL DECIMAL CLASSIFICATION NUMBER
Universal Decimal Classification number 582.26(075.8)
100 ## - MAIN ENTRY--PERSONAL NAME
Personal name Курсанов,Л.И. Забелина,М.М. Мейер,К.И. и др.
245 ## - TITLE STATEMENT
Title Определитель низших растении в пяти томах. Водоросли т.1
245 ## - TITLE STATEMENT
Remainder of title Учебник
260 ## - PUBLICATION, DISTRIBUTION, ETC.
Place of publication, distribution, etc. Москва
260 ## - PUBLICATION, DISTRIBUTION, ETC.
Name of publisher, distributor, etc. Советская наука
260 ## - PUBLICATION, DISTRIBUTION, ETC.
Date of publication, distribution, etc. 1953
300 ## - PHYSICAL DESCRIPTION
Extent 396стр.илл.27см.
653 ## - INDEX TERM--UNCONTROLLED
Uncontrolled term Определитель низших растении
942 ## - ADDED ENTRY ELEMENTS (KOHA)
Koha item type წიგნი
ეგზემპლარები
Withdrawn status Lost status Damaged status Not for loan Date acquired Barcode Date last seen Price effective from Koha item type
        2018-12-17 20790 2018-12-17 2018-12-17 წიგნი